000 00271nam a22001217a 4500
008 170619b xxu||||| |||| 00| 0 eng d
041 _aeng
080 _a32
100 _a20
101 _aSHP
245 _aDOCUMENTS OF MODERN POLITICAL THOUGHT
_cUTLEY
942 _2udc
_cBK
999 _c18057
_d18057